Tobas cemento plástico
Guardat en:
| Autor principal: | |
|---|---|
| Format: | Desconegut |
| Publicat: |
[San José, Costa Rica]
1972
|
| Matèries: | |
| Etiquetes: |
Afegir etiqueta
Sense etiquetes, Sigues el primer a etiquetar aquest registre!
|
MARC
| LEADER | 00000 a2200000 4500 | ||
|---|---|---|---|
| 003 | 011406 | ||
| 005 | 20221231143818.0 | ||
| 008 | 140114s1972 cr a m 000 ||s d | ||
| 040 | |c cru CEDI | ||
| 090 | |a TFG 483 | ||
| 100 | |a Baltodano A, Federico |9 18038 | ||
| 245 | |a Tobas cemento plástico | ||
| 260 | |c 1972 |a [San José, Costa Rica] | ||
| 300 | |a 24 hojas, gráficos, tablas ; 28 cm | ||
| 500 | |a Tesis (Ingeniero Civil)--Universidad de Costa Rica. | ||
| 501 | |a Ed. mimeografiada. | ||
| 650 | |x MATERIALES DE CONSTRUCCION |9 18039 | ||
| 942 | |c TFG | ||
| 999 | |c 12366 |d 12366 | ||
